Statistics for NHL - Player with most points in a single season for each team

Click here to take the quiz!

General Stats

  • This quiz has been taken 1,950 times
  • The average score is 16 of 30

Answer Stats

HintAnswer% Correct
Los Angeles Kings168Wayne Gretzky
94%
Edmonton Oilers215Wayne Gretzky
94%
Anaheim Ducks (Anaheim Mighty Ducks)109Teemu Selanne
91%
Arizona Coyotes (Winnipeg Jets (1979-1996))132Teemu Selanne
91%
Pittsburgh Penguins199Mario Lemieux
84%
St.Louis Blues131Brett Hull
80%
Detroit Red Wings155Steve Yzerman
76%
Boston Bruins152Phil Esposito
73%
New York Islanders147Mike Bossy
71%
Colombus Blue Jackets79Rick Nash
71%
Vancouver Canucks112Henrik Sedin
69%
San Jose Sharks114Joe Thornton
69%
Montreal Canadiens136Guy Lafleur
67%
Tampa Bay Lightning108Vincent Lecavalier
58%
Florida Panthers94Pavel Bure
57%
New York Rangers123Jaromir Jagr
54%
Buffalo Sabres148Pat LaFontaine
51%
Ottawa Senators105Dany Heatley
50%
New Jersey Devils (Col. Rockies, KC Scouts)96Patrik Elias
49%
Minnesota Wild83Marian Gaborik
46%
Toronto Maple Leafs127Doug Gilmour
40%
Colorado Avalanche (Quebec Nordiques)139Peter Stastny
36%
Chicago Blackhawks131Denis Savard
30%
Winnipeg Jets (Atlanta Thrashers)100Marian Hossa
30%
Nashville Predators85Paul Kariya
25%
Philadelphia Flyers123Mark Recchi
23%
Dallas Stars (Minnesota North Stars)114Bobby Smith
16%
Washington Capitals136Denis Maruk
14%
Calgary Flames (Atlanta Flames)131Kent Nilsson
13%
Carolina Hurricanes (Hartford Whalers)105Mike Rogers
4%

Score Distribution

Percentile by Number Answered

Percent of People with Each Score

Your Score History

You have not taken this quiz